000 00627nam a2200229Ia 4500
003 OSt
005 20220928122314.0
006 a|||||r|||| 00| 0
007 ta
008 220927b |||||||| |||| 00| 0 eng d
024 _a57556
037 _cTextual
040 _aSDCL
_cSDCL
_beng
041 _2eng
_aeng
082 _aY33:677.2'N7, L3
100 _aRaheja Bhagwan Dass
_9457312
245 0 _aUrban India and public policy
260 _aBombay
_bSomaiya Publications
_c1973
300 _axiv,323p
_ccm.
942 _hY33:677.2'N7, L3
_cTEXL
_2CC
999 _c770796
_d770796